00710nam a2200241 a 4500001001300000003000900013005001700022008004100039020001100080082001500091100001600106245005700122260004700179300000900226500003500235505001000270650003100280700001600311902000800327942000700335952011100342999001500453nice12345678IN_TiNIC20260116011656.0050524s1964 mada grp 000 0 eng  ac4.2500a227.1bHAR aHarris, W B aCommentary on the Epistle of St. Paul to the Romans. aMadrasbChristian Literature Societyc1964 a284p aincludes index and biblioraphy2 aindex aBible N.T. Epistles Romans1 aHarris, W B bSRS cBK 001040708StackRoom-aHMIbHMId2007-06-20g4.25l0o227.1 HARp08886r2007-06-20v4.25w2005-05-24yBK c3327d3327